| 000 | 01690cam a22004334i 4500 | ||
|---|---|---|---|
| 003 | PE-LiUPU | ||
| 005 | 20250731184552.0 | ||
| 008 | 150625s r 000 0 d | ||
| 035 | _a(Sirsi) a34295 | ||
| 040 |
_aPE-LiUPU _bspa _cPE-LiUPU _erda |
||
| 082 | 0 | 4 |
_a938.05 _bC72 _221 |
| 100 | 1 |
_aCollas, Pericles, _eautor. |
|
| 245 | 1 | 0 |
_aDescription complete de lacropole d'athenes / _cPericles Collas. |
| 264 | 1 |
_aAthenes : _bEd._Lib._C. Cacoulides, _c[197_ ]. |
|
| 300 | _a | ||
| 336 |
_atext _2rdacontent |
||
| 337 |
_aunmediated _2rdamedia |
||
| 338 |
_avolume _2rdacarrier |
||
| 505 | 0 | _aL'entree actuelle. - Escalier monumental. - I'Ancien acces principal. - Traces de la voie. - Marches. - Le Parthenon. - Est le Pronaos. - Les métopes. - Tambours de marbre. - Musee de l'Acropole. - Belvedere. - Une entree prehistorique. - Marches en poros. - Bátments et d'installation. - Grotte de destination incómonnue., Deux entree d'un corridorn naturedan zdul Roc,l. | |
| 526 | _aP136 | ||
| 526 | _aP135 | ||
| 526 | _aP134 | ||
| 526 | _aP133 | ||
| 526 | _aP144 | ||
| 526 | _aP143 | ||
| 526 | _aP87 | ||
| 526 | _aP35 | ||
| 526 | _aP20 | ||
| 526 | _aP14 | ||
| 526 | _aP10 | ||
| 526 | _aP06 | ||
| 651 |
_aAtenas _xHistoria (Acrópolis). |
||
| 910 | _a | ||
| 942 |
_2ddc _cBOOK |
||
| 949 |
_a938.05 C72 _wDEWEY _c1 _i33826 _lCCODEBUL1 _mBUL _p00.00 _r0 _sY _tBOOK _u2015-06-25 _xBIBLIOTECA _zUNKNOWN _0COMPRA _o.STAFF. Colección General |
||
| 596 | _a1 | ||
| 999 |
_a938.05 C72 _wDEWEY _c42136 _i33826 _f2021-11-8 _g5 _lCCODEBUL1 _mBUL _r0 _sY _tBOOK _u2015-6-25 _xBIBLIOTECA _zUNKNOWN _0COMPRA _o.STAFF. Colección General _d42136 |
||
| 980 |
_81 _gALBERTO SANCHEZ Responsable de Automatización |
||